| 000 -ლიდერი |
| ფიქსირებული სიგრძის საკონტროლო ველი |
00870nam a22001697a 4500 |
| 003 - საკონტროლო ნომრის იდენტიფიკატორი |
| საკონტროლო ველი |
Ge_BSU |
| 005 - ბოლო ოპერაციის თარიღი და დრო |
| საკონტროლო ველი |
20251001163737.0 |
| 008 - ფიქსირებული სიგრძის მონაცემთა ელემენტები - ზოგადი ინფორმაცია |
| ფიქსირებული სიგრძის საკონტროლო ველი |
251001s1963 ge ||||| |||| 00| 0 geo d |
| 041 ## - ენის კოდი |
| Language code of text/sound track or separate title |
geo |
| 080 ## - უნივერსალური ათობითი კლასიფიკაციის ინდექსი |
| Universal Decimal Classification number |
631.5/9(479.22) ტ-37 |
| 100 ## - მთავარი ჩანაწერი - პიროვნების სახელი |
| Personal name |
ტატიშვილი, ო. |
| 9 (RLIN) |
25918 |
| 245 ## - ცნობა სათაურის შესახებ |
| Title |
საქართველოს სსრ მრავალწლიანი ნარგავების ეკონომიკისა და მისი განვითარების საკითხისათვის / |
| Statement of responsibility, etc |
ო. ტატიშვილი. |
| 264 ## - წარმოების, გამოცემის, დისტრიბუციის და სხვა ცნობები |
| გამოცემის, წარმოების, დისტრიბუციის... ადგილი |
თბილისი : |
| გამოცემის, წარმოების, დისტრიბუციის... სახელწოდება |
საბჭ. საქართველო, |
| გამოცემის, წარმოების, დისტრიბუციის... თარიღი |
1963. |
| 300 ## - ფიზიკური აღწერა |
| Extent |
231 გვ. : |
| Other physical details |
ცხრილ. 2 ფ. ცხრილ. ; |
| Dimensions |
21 სმ. |
| 653 ## - INDEX TERM--UNCONTROLLED |
| Uncontrolled term |
მრავალწლიანი ნარგავები |
| 942 ## - ADDED ENTRY ELEMENTS (KOHA) |
| Source of classification or shelving scheme |
|
| Koha item type |
წიგნი |